000 00212nam a22000857a 4500
008 161201b xxu||||| |||| 00| 0 eng d
100 _91686
_aPradhan.V
245 _aThe milkmans cow
260 _aNew Delhi
_bN.D CBT
_c2007
999 _c4399
_d4399